000 00381pab a2200157 454500
008 180718b2011 xxu||||| |||| 00| 0 eng d
100 _aBagchi, Amiya Kumar
245 _aMobility: Internal and international
260 _c2011
300 _ap.419-436.
362 _aJan
650 _aOccupational mobility
773 _aDevelopment and Change
908 _aN
909 _a91845
999 _c91845
_d91845